000 00767nam a2200253Ia 4500
003 OSt
005 20220928115215.0
006 a|||||r|||| 00| 0
007 ta
008 220927b |||||||| |||| 00| 0 hin d
020 _c550
024 _a126695
037 _b154, 29/10/2014, Eastern Book Linkers
_cTextual
040 _aSDCL
_cSDCL
_bhin
041 _2hin
_ahin
082 _aO15:gxN8,1, Q3
100 _aSudhansu Sameerender Kumar
_9443390
245 0 _aKavyasastrasampradayvimarsh
260 _aVaranasi
_bKala Evam sodh sansthan
_c2013
300 _ax;174p
_ccm.
650 _aSanskrit
_9391587
942 _hO15:gxN8,1, Q3
_cTEXL
_2CC
999 _c758534
_d758534